| 000 | 00336 a2200133 4500 | ||
|---|---|---|---|
| 082 | _a510.3 | ||
| 090 |
_c3542 _d3542 |
||
| 100 | _a National Language Academy | ||
| 245 | _aMathematical Terms | ||
| 260 |
_aIslamabad: _bMuqtedara Qomi Zuban, _c1984. |
||
| 300 |
_a220 p. ; _c21 cm. |
||
| 650 | _a Mathematical Terms | ||
| 942 |
_cBK _k510.3 NLA |
||
| 999 |
_c7449 _d7449 |
||